Life Again: (Record no. 188150)

MARC details
000 -LEADER
fixed length control field 00585nam a22001817a 4500
005 - DATE AND TIME OF LATEST TRANSACTION
control field 20220511125451.0
010 ## - LCCN (DPL NO)
LC control number ENG-132588
020 ## - INTERNATIONAL STANDARD BOOK NUMBER
International Standard Book Number 9789382025276
Terms of availability 495.00
035 ## - SYSTEM CONTROL NUMBER
System control number EN-116120
037 ## - SOURCE OF ACQUISITION
Source of stock number/acquisition DBAD/PUB
082 ## - DEWEY DECIMAL CLASSIFICATION NUMBER
Classification number 158.1
100 ## - MAIN ENTRY--PERSONAL NAME
Personal name Mittal, Sudhir
245 ## - TITLE STATEMENT
Title Life Again:
Statement of responsibility, etc Sudhir Mittal
Remainder of title The Story of Your Success/
260 ## - PUBLICATION, DISTRIBUTION, ETC. (IMPRINT)
Place of publication, distribution, etc New Delhi
Name of publisher, distributor, etc Pigeon Books India
Date of publication, distribution, etc 2016
270 ## - ADDRESS
Address 1-2/16, Ansari Road Daryaganj
City New Delhi
Postal code 110002
Telephone number 9810229648, 9312286851
Electronic mail address generalbookdepot@yahoo.com
300 ## - PHYSICAL DESCRIPTION
Extent 162p
Dimensions 21cm(hbk)
942 ## - ADDED ENTRY ELEMENTS (KOHA)
Source of classification or shelving scheme Dewey Decimal Classification
Item type English Books
Call number suffix MIT
Classification part 158.1
Holdings
Withdrawn status Lost status Not for loan Collection code Home library Current library Date acquired Source of acquisition Cost, normal purchase price Full call number Barcode Copy number Cost, replacement price Koha item type
      Non-fiction Patel Nagar Patel Nagar 11/05/2022 DBAD/PUB 495.00 158.1 MIT EN-116120 1 495.00 English Books

© Delhi Public Library
Hit Counter
free hit counter